« Retourner aux résultats de recherche
Notre corps ne ment jamais
| Auteur principal: | Alice Miller |
|---|---|
| D'autres auteurs: | Léa Marcou |
| Support: | Livres |
| Langue: | Francais |
| Publié: |
2004 Arts et métiers grahiques Paris |
| Genre: |
Documentaire |
| Sujets: | |
| Étiquettes: |
Ajouter
Pas de Tags !
|
| LEADER | 00978nam0a2200205 450 | ||
|---|---|---|---|
| 001 | 16848038 | ||
| 010 | |a 9782082103626 |b Br. |d 17,3 | ||
| 100 | |a 20120501d2004 u u0frey01 ba | ||
| 101 | 1 | |a fre |c ger | |
| 102 | |a FR | ||
| 200 | 0 | |a Notre corps ne ment jamais |f Alice Miller |g traduit de l'allemand par Léa Marcou | |
| 207 | 1 | |a | |
| 210 | |a Paris |c Arts et métiers grahiques |d 2004 | ||
| 215 | |a 206 p. |d 22 x 14 cm | ||
| 330 | |a Evoque le conflit entre les normes morales imposées dès le plus jeune âge et son propre ressenti qui se manifeste par des maux corporels. Dans une première partie, illustre le propos à partir de biographies d'écrivains célèbres puis indique de quelles façons rompre le cercle vicieux de l'automystification. | ||
| 700 | 0 | |a Miller |b Alice |4 70 | |
| 702 | 0 | |a Marcou |b Léa |4 730 | |
| 900 | |a Documentaire | ||
| 901 | |a Accessible au prêt | ||
| 995 | |a Bibliothèque |c Bibliothèque |f 00156006237788 |h 00156006237788 |k 150.195 MIL |o p |q a |r az |e Bibliothèque | ||
